书目信息 |
| 题名: |
建构强大的学校文化
|
|
| 作者: | 克鲁斯 , 路易斯 著 ;朱炜 , 刘琼 译 | |
| 分册: | ||
| 出版信息: | 北京 北京大学出版社 2013.04 |
|
| 页数: | 186页 | |
| 开本: | 26cm | |
| 丛书名: | 新视野教师教育丛书 | |
| 单 册: | ||
| 中图分类: | G40-055 | |
| 科图分类: | ||
| 主题词: | 校园文化 | |
| 电子资源: | ||
| ISBN: | 978-7-301-21936-2 | |
| 000 | 01526oam2 2200361 450 | |
| 001 | 012013071770 | |
| 005 | 20140611154353.70 | |
| 009 | 012013071770 | |
| 010 | @a978-7-301-21936-2@dCNY36.00 | |
| 100 | @a20130605d2013 em y0chiy0110 ea | |
| 101 | 1 | @achi@ceng |
| 102 | @aCN@b110000 | |
| 105 | @aak z 000yy | |
| 106 | @ar | |
| 200 | 1 | @a建构强大的学校文化@9jian gou qiang da de xue xiao wen hua@e一种引领学校变革的指南@f(美)莎朗·D.克鲁斯(Sharon D. Kruse),(美)凯伦·S.路易斯(Karen Seashore Louis)著@g朱炜,刘琼译 |
| 210 | @a北京@c北京大学出版社@d2013.04 | |
| 215 | @a186页@c图@d26cm | |
| 225 | 2 | @a新视野教师教育丛书@i学校组织变革译丛 |
| 300 | @a“十二五”国家重点图书出版规划项目 | |
| 312 | @a封面英文题名:Building strong school cultures a guide to leading change | |
| 330 | @a本书在认识及建构学校文化上提出了一系列新颖的观念和策略,能给予学校管理者切实而具体的指导。在学校文化变革中,作者明确提出“强化领导”的理念,并通过建构PCOLT模式予以实现。 | |
| 333 | @a校园文化研究人员 | |
| 462 | 0 | @12001 @a学校组织变革译丛 |
| 510 | 1 | @aBuilding strong school cultures@ea guide to leading change@zeng |
| 517 | 1 | @a一种引领学校变革的指南@9yi zhong yin ling xue xiao bian ge de zhi nan |
| 606 | 0 | @a校园文化 |
| 690 | @aG40-055@v5 | |
| 701 | 0 | @c(美)@a克鲁斯@9ke lu si@c(Kruse, Sharon D.)@4著 |
| 701 | 0 | @c(美)@a路易斯@9lu yi si@c(Louis, Karen Seashore)@4著 |
| 702 | 0 | @a朱炜@9zhu wei@4译 |
| 702 | 0 | @a刘琼@9liu qiong@4译 |
| 801 | 0 | @aCN@b人天书店@c20130605 |
| 905 | @b549459-62@dG40-055@e635@f4 | |
| 建构强大的学校文化:一种引领学校变革的指南/(美)莎朗·D.克鲁斯(Sharon D. Kruse),(美)凯伦·S.路易斯(Karen Seashore Louis)著/朱炜,刘琼译.-北京:北京大学出版社,2013.04 |
| 186页:图;26cm.-(新视野教师教育丛书.学校组织变革译丛) |
| “十二五”国家重点图书出版规划项目.-使用对象:校园文化研究人员 |
| ISBN 978-7-301-21936-2:CNY36.00 |
| 本书在认识及建构学校文化上提出了一系列新颖的观念和策略,能给予学校管理者切实而具体的指导。在学校文化变革中,作者明确提出“强化领导”的理念,并通过建构PCOLT模式予以实现。 |
| ● |
| 相关链接 |
|
|
|
|
正题名:建构强大的学校文化
索取号:G40-055/635
 
预约/预借
| 序号 | 登录号 | 条形码 | 馆藏地/架位号 | 状态 | 备注 |
| 1 | 549459 | 205494598 | 第一样本阅览室/ [索取号:G40-055/635] | 在馆 | |
| 2 | 549460 | 205494605 | 第四借阅区/ [索取号:G40-055/635] | 在馆 | |
| 3 | 549461 | 205494614 | 第四借阅区/ [索取号:G40-055/635] | 在馆 | |
| 4 | 549462 | 205494623 | 第四借阅区/ [索取号:G40-055/635] | 在馆 |